Eastern Utah Libraries Catalog: Duchesne, Heber, Roosevelt, & Vernal

Quasars and more dazzling discoveries / (Record no. 409159)

MARC details
000 -LEADER
fixed length control field 01394nam a2200301 i 4500
001 - CONTROL NUMBER
control field 2426072
003 - CONTROL NUMBER IDENTIFIER
control field IlBcCP
005 - DATE AND TIME OF LATEST TRANSACTION
control field 20251222151928.0
008 - FIXED-LENGTH DATA ELEMENTS--GENERAL INFORMATION
fixed length control field 251222s2025 mnua j 000 0 eng
020 ## - INTERNATIONAL STANDARD BOOK NUMBER
International Standard Book Number 1098295072
020 ## - INTERNATIONAL STANDARD BOOK NUMBER
International Standard Book Number 9781098295073
040 ## - CATALOGING SOURCE
Description conventions rda
Transcribing agency IlBcCP
Language of cataloging eng
082 14 - DEWEY DECIMAL CLASSIFICATION NUMBER
Classification number 523.1
Edition number 23
100 1# - MAIN ENTRY--PERSONAL NAME
Personal name Williams, Ann.,
Relator term author.
9 (RLIN) 5702324
245 10 - TITLE STATEMENT
Title Quasars and more dazzling discoveries /
Statement of responsibility, etc Ann Williams.
264 #1 - Production, Publication, Distribution, Manufacture, and Copyright Notice.
Place of production, publication, distribution, manufacture Minneapolis, MN :
Name of producer, publisher, distributor, manufacturer ABDO Publishing Company,
Date of production, publication, distribution, manufacture, or copyr 2025.
300 ## - PHYSICAL DESCRIPTION
Extent 48 pages :
Other physical details color illustrations ;
Dimensions 24 cm.
336 ## - Content Type
Content type term text
337 ## - Media type
Media type term unmediated
338 ## - Carrier type
Carrier type term volume
490 1# - SERIES STATEMENT
Series statement A&D xtreme: xtreme universe
520 ## - SUMMARY, ETC.
Summary, etc What is a quasar? Readers will learn the answer in this book! They will discover the field of radio astronomy, how quasars move in the universe, and the exciting recent spotting of a new quasar! Readers will also be introduced to other bright objects in the universe, such as supernovas, stars, and satellites. Aligned to Common Core Standards and correlated to state standards. A&D Xtreme is an imprint of Abdo Publishing, a division of ABDO.
521 2# - TARGET AUDIENCE NOTE
Target audience note 5678
Source Libraria.
521 8# - TARGET AUDIENCE NOTE
Target audience note 850
Source Lexile.
650 #0 - SUBJECT ADDED ENTRY--TOPICAL TERM
Topical term or geographic name as entry element Black holes (Astronomy)
Form subdivision Juvenile literature.
9 (RLIN) 6358075
650 #0 - SUBJECT ADDED ENTRY--TOPICAL TERM
Topical term or geographic name as entry element Quasars
Form subdivision Juvenile literature.
9 (RLIN) 6524920
830 #0 - SERIES ADDED ENTRY--UNIFORM TITLE
Uniform title A&D xtreme.
Name of part/section of a work Xtreme universe.
Holdings
Withdrawn status Lost status Source of classification or shelving scheme Damaged status Not for loan Collection code Home library Current library Shelving location Date acquired Source of acquisition Total Checkouts Total Renewals Full call number Barcode Date last seen Date checked out Cost, replacement price Price effective from Koha item type
    Dewey Decimal Classification     Children NonFiction Wasatch County Library Wasatch County Library Main Floor Childrens Area 06/19/2025 KidsReference 4 4 E Science Space Williams 34301002158410 02/16/2026 01/22/2026 24.95 06/19/2025 BOOK
This project was made possible through a grant from the Institute of Museum and Library Service administered by the Utah State Library Division.

Wasatch County Library

  • 465 East 1200 South, Heber City, Utah 84032
  • Phone 435-654-1511 | Fax 435-654-6456

Hours

  • Monday - Friday 9:30 AM - 8:00 PM
  • Saturday 9:30 AM - 1:30 PM
  • Closed Sundays and Holidays